000 00644nam a2200229Ia 4500
003 OSt
005 20220928113300.0
006 a|||||r|||| 00| 0
007 ta
008 220927b |||||||| |||| 00| 0 eng d
024 _a35301
037 _cTextual
040 _aSDCL
_cSDCL
_beng
041 _2eng
_aeng
082 _aV2:24'N9, N8
100 _aWaslekar Sundeep
_9415977
245 0 _aDharma Rajya
_b Path breaking reforms for India's governance
260 _aNew Delhi
_bKonark Publishers
_c1998
300 _avi,208p
_ccm.
942 _hV2:24'N9, N8
_cTEXL
_2CC
999 _c748776
_d748776